|
|
|
|
| LEADER |
00000nab a2200000 a 4500 |
| 001 |
vtls008874653 |
| 003 |
SK-MaSNL |
| 005 |
20260303223758.0 |
| 008 |
141122c xo 0 slo |
| 015 |
|
|
|a SNBCL2005/5
|
| 035 |
|
|
|a SLK035078
|
| 040 |
|
|
|a SLKCL
|b slo
|c SNKBUCL
|e AACR2
|
| 041 |
1 |
|
|a slo
|
| 044 |
|
|
|a xo
|c SK
|
| 080 |
|
|
|a 616.99:061.3
|2 1981
|
| 100 |
1 |
|
|a Lupač, J.
|u Dynex Laboratiories, s r.o., Praha
|4 aut
|9 1258735
|
| 245 |
1 |
0 |
|a Western blot v diagnostike lymeskej boreliózy
|c J. Lupač
|
| 650 |
0 |
7 |
|a choroba lymská
|x diagnostika
|2 MESH
|9 876513
|
| 650 |
0 |
7 |
|a Borrelia burgdorferi
|2 MESH
|9 833780
|
| 650 |
0 |
7 |
|a receptory antigénové
|2 MESH
|9 1258736
|
| 650 |
0 |
7 |
|a diagnostika (medicína)
|2 MESH
|9 28740
|
| 650 |
0 |
7 |
|a imunoglobulín G
|2 MESH
|9 1188121
|
| 650 |
0 |
7 |
|a western blotting
|2 MESH
|9 871273
|
| 650 |
0 |
7 |
|a ELISA
|2 MESH
|9 1056262
|
| 650 |
0 |
7 |
|a abstrakty z kongresu
|2 MESH
|9 168204
|
| 711 |
1 |
|
|a Dni klinickej mikrobiológie
|n (41. :
|d 2005 :
|c Bojnice, Slovensko)
|4 aut
|9 92491
|
| 773 |
0 |
|
|t Správy klinickej mikrobiológie
|g Roč. 5, č. SC/2005, s. 31
|x 1335-8219
|
| 850 |
|
|
|a Slovenská lekárska knižnica v Bratislave
|a BA006
|
| 852 |
|
|
|a BA006
|b KIS3GCP
|b 000500000
|
| 999 |
|
|
|c 2249289
|d 2251219
|